000 01571nam a2200289 a 4500
001 BRCA_8488
003 FranzMayer
005 20230724102434.0
008 220416s1769----sp-#######---#000-0#spa-#
040 _aMFM
_bESPAÑOL
_cMFM
041 _aspa
044 _asp
084 _aBE3
_b.P37 1769
245 1 0 _aPastoral de nuestro santísimo padre Benedicto XIV
_bde gloriosa memoria, siendo Cardenal Arzobispo de la Santa Iglesia de Bolonia ; e instrucciones eclesiásticas para su diocesi
_ctraducidas del toscano por el Fr. Juan Facundo Raulin.
260 _aMadrid
_bEn la Oficina de Miguel Escribano
_c1769
300 _a[14], 463 p. (t.2, 4a impresión)
_c21.5 x 15 cm.
500 _aEstado físico : cintas rotas y encuadernación manchada
500 _aCon marca de fuego : ´Procedencia de la marca: Convento de San Antonio de Querétaro. Institución: Orden de Frailes Menores Descalzos. Provincia de San Diego de México. Descripción: Monograma; letras iniciales y texto en el contorno: S A[ntonio] Q[ueréta]ro. Ubicación de la marca en el libro: Canto superior, inferior y lateral´
500 _aVer también : BE5 (tomo 1, 1790), BE13 (tomo 2, 1764) y BE93 (tomo 2, 1769)
600 1 4 _aBenedicto XIV
_cPapa
_d1675-1758
_921272
650 1 4 _aIglesia católica
_xDisciplina
_9463
651 4 _aBolonia (Arquidiócesis)
_921273
700 1 _aFacundo Raulin, Juan
_etr.
_921274
856 _ahttp://www.marcasdefuego.buap.mx:8180/xmLibris/projects/firebrand/item.jsp?repository=marcas_de_fuego&key=422f0a15.xml&num=17
902 _aCFM
942 _2lcc
_cB
999 _c8155
_d8155